Provinces of Belgium Quiz Stats

 Plays Quiz not verified by Sporcle

Challenge
Share
Tweet
Embed
Score 0/10 Timer 03:00
0 Plays Today
Region Province % Correct
FlandersAntwerp
91.8%
FlandersWest Flanders
90.4%
FlandersEast Flanders
89.9%
WalloniaLiège
89.3%
WalloniaLuxembourg
87.7%
FlandersLimburg
86.3%
WalloniaNamur
84.4%
FlandersFlemish Brabant
82.8%
WalloniaWalloon Brabant
79.8%
WalloniaHainaut
78.7%

You're not logged in!

Compare scores with friends on all Sporcle quizzes.
Join for Free
OR
Log In

You Might Also Like...

Show Comments

Extras

Created Sep 23, 2009SourceReportNominate
Tags:Belgium, province, region

Top Quizzes Today


Score Distribution

Your Account Isn't Verified!

In order to create a playlist on Sporcle, you need to verify the email address you used during registration. Go to your Sporcle Settings to finish the process.

Report this User

Report this user for behavior that violates our Community Guidelines.

Details: